000 00762nam a2200205Ia 4500
001 10016
003 GE_BSU
008 181216s||||||||xx |||||||||||||| ||und||
040 _cGE_BSU
080 _a821.353.1–311.6
100 _aრჩეულიშვილი,გრიგოლ
245 _aთამარ ბატონიშვილი:ისტორიული რომანი
245 _cრედ.მ.ერისთავი.მხატვ.რ.მაჭარაშვილი
260 _aთბილისი
260 _bივერია
260 _c1990
300 _a120გვ.ილ.20სმ.
653 _aთამარ ბატონიშვილი:ისტორიული რომანი
942 _cBK
999 _c43289
_d43289